| 000 | 00899nas a22001817a 4500 | ||
|---|---|---|---|
| 999 |
_c1056 _d1056 |
||
| 008 | 120702t19309999ag ||||| |||| 00| 0 spa d | ||
| 022 | _a03250075 | ||
| 245 | _aArchivos Argentinos de Pediatría | ||
| 260 |
_aBuenos Aires : _bSociedad Argentina de Pediatría, _c1930 |
||
| 300 | _av. | ||
| 310 | _abimestral | ||
| 546 | _aTexto en español | ||
| 590 | _aExistencias: 2000 98(1-6); 2001 99(1-6); 2002 100(1-6); 2003 101(1,3-6); 2004 102(1-3,5,6); 2005 103(1-6); 2006 104(1); 2007 105(2,3,5,6); 2008 106(1); 2009 107(3-6); 2010 108(1-4,6); 2015 113(4,5,6); 2016 114(5,6); 2017 115(1,2,4,5); Año 2000 al 2009 BAJA EN DEPOSITO BAJA DEPOSITO (CAJA 24 AÑOS: 2008 A 2010) MAYO 2019 | ||
| 590 | _aIndizada en: Latindex, Medline, LILACS, SciELO Año 2000 al 2009 EN DEPOSITO | ||
| 650 |
_aPEDIATRÍA _91741 |
||
| 856 | _uhttp://www.sap.org.ar/publi-archivos-arg.php?menu=item3 | ||
| 942 |
_2ddc _cCR |
||